| 000 | 00599nam a22002177a 4500 | ||
|---|---|---|---|
| 005 | 20240301134016.0 | ||
| 008 | 240301b ||||| |||| 00| 0 eng d | ||
| 020 | _a9789360784188 | ||
| 040 |
_aIN-DiNC _cIN-DiNC |
||
| 041 | _dasm | ||
| 082 |
_a181.45 _bDEV |
||
| 100 |
_aDevi, Rainy _eauthor |
||
| 245 |
_aYoga/ _cby Rainy Devi, Bhrigumoni Nath and Dipom Jyoti Buragohain |
||
| 250 | _a1st imp. | ||
| 260 |
_aGuwahati: _bAshok publication, _c2024. |
||
| 300 | _a112p. | ||
| 650 | _aYoga | ||
| 700 |
_aNath, Bhrigumoni _eauthor |
||
| 700 |
_aBuragohain, Dipom Jyoti _eauthor |
||
| 942 |
_2ddc _cBK |
||
| 999 |
_c11778 _d11778 |
||